Financial Sector Development and the Millennium Development Goals / (Record no. 14970)
[ view plain ]
| 000 -LEADER | |
|---|---|
| fixed length control field | 01729cam a22003498a 4500 |
| 001 - CONTROL NUMBER | |
| control field | 14642648 |
| 005 - DATE AND TIME OF LATEST TRANSACTION | |
| control field | 20070413132406.0 |
| 008 - FIXED-LENGTH DATA ELEMENTS--GENERAL INFORMATION | |
| fixed length control field | 061121s2007 dcu b 100 0 eng |
| 010 ## - LIBRARY OF CONGRESS CONTROL NUMBER | |
| LC control number | 2006038987 |
| 020 ## - INTERNATIONAL STANDARD BOOK NUMBER | |
| International Standard Book Number | 0821368648 |
| 020 ## - INTERNATIONAL STANDARD BOOK NUMBER | |
| International Standard Book Number | 9780821368640 |
| 040 ## - CATALOGING SOURCE | |
| Original cataloging agency | DLC |
| Transcribing agency | DLC |
| Modifying agency | DLC |
| 043 ## - GEOGRAPHIC AREA CODE | |
| Geographic area code | d------ |
| 050 00 - LIBRARY OF CONGRESS CALL NUMBER | |
| Classification number | HG195 |
| Item number | .C58 2007 |
| 082 00 - DEWEY DECIMAL CLASSIFICATION NUMBER | |
| Classification number | 332.1091724 |
| Edition number | 22 |
| Item number | CLA |
| 100 1# - MAIN ENTRY--PERSONAL NAME | |
| Personal name | Claessens, Stijn. |
| 9 (RLIN) | 22372 |
| 245 10 - TITLE STATEMENT | |
| Title | Financial Sector Development and the Millennium Development Goals / |
| Statement of responsibility, etc | Stijn Claessens, Erik Feijen. |
| 260 ## - PUBLICATION, DISTRIBUTION, ETC. (IMPRINT) | |
| Place of publication, distribution, etc | Washington, DC : |
| Name of publisher, distributor, etc | World Bank, 2007 |
| Date of publication, distribution, etc | 2007. |
| 300 ## - PHYSICAL DESCRIPTION | |
| Extent | 106 p.: |
| Other physical details | ill.; |
| Dimensions | 22 cm. |
| 490 0# - Series Statement | |
| Series statement | World bank working paper ; |
| Volume/sequential designation | no. 89 |
| -- | 22373 |
| 504 ## - BIBLIOGRAPHY, ETC. NOTE | |
| Bibliography, etc | Includes bibliographical references. |
| 505 0# - FORMATTED CONTENTS NOTE | |
| Formatted contents note | "This study was commissioned by the Netherlands Financial Sector Development Exchange (NFX) for its conference, 'Mind the Gap : Bankable Approaches to Increase Access to Finance', November 2006, Amsterdam"--P. . |
| 650 #0 - SUBJECT ADDED ENTRY--TOPICAL TERM | |
| Topical term or geographic name as entry element | Financial institutions |
| Geographic subdivision | Developing countries |
| General subdivision | Congresses. |
| 9 (RLIN) | 22374 |
| 650 #0 - SUBJECT ADDED ENTRY--TOPICAL TERM | |
| Topical term or geographic name as entry element | Economic development |
| Form subdivision | Congresses. |
| 9 (RLIN) | 22375 |
| 650 #0 - SUBJECT ADDED ENTRY--TOPICAL TERM | |
| Topical term or geographic name as entry element | Poverty |
| Geographic subdivision | Developing countries |
| General subdivision | Prevention |
| Form subdivision | Congresses. |
| 9 (RLIN) | 22376 |
| 650 #0 - SUBJECT ADDED ENTRY--TOPICAL TERM | |
| Topical term or geographic name as entry element | Social rights |
| Geographic subdivision | Developing countries |
| Form subdivision | Congresses. |
| 9 (RLIN) | 22377 |
| 700 1# - ADDED ENTRY--PERSONAL NAME | |
| Personal name | Feijen, Erik. |
| 9 (RLIN) | 22378 |
| 856 41 - ELECTRONIC LOCATION AND ACCESS | |
| Materials specified | Table of contents only |
| Uniform Resource Identifier | <a href="http://www.loc.gov/catdir/toc/ecip075/2006038987.html">http://www.loc.gov/catdir/toc/ecip075/2006038987.html</a> |
| 942 ## - ADDED ENTRY ELEMENTS (KOHA) | |
| Source of classification or shelving scheme | Dewey Decimal Classification |
| Item type | Book - Borrowing |
| Withdrawn status | Item status | Source of classification or shelving scheme | Damaged status | Not for loan | Vendor | Home library | Current library | Shelving location | Date acquired | Source of acquisition | Cost, normal purchase price | Serial Enumeration / chronology | Total Checkouts | Total Renewals | Full call number | Barcode | Date last seen | Date last borrowed | Koha item type |
|---|---|---|---|---|---|---|---|---|---|---|---|---|---|---|---|---|---|---|---|
| Dewey Decimal Classification | Academic Bookshop | Central Library | Central Library | First floor | 03/03/2011 | 117.60 | 1661 | 1 | 1 | 332.1091724 CLA | 000022815 | 15/07/2025 | 27/05/2012 | Book - Borrowing |